LIBRARY & INFORMATION CENTRE, KCAET, TAVANUR

ONLINE PUBLIC ACCESS CATALOGUE (OPAC)

History and culture of the Indian people , vol 2 / (Record no. 694)

MARC details
000 -LEADER
fixed length control field 00379cam a2200145ua 4500
041 ## - LANGUAGE CODE
Language code of text/sound track or separate title eng
082 ## - DEWEY DECIMAL CLASSIFICATION NUMBER
Classification number 954
Item number MUN/HI
100 ## - MAIN ENTRY--AUTHOR NAME
Personal name Munshi, K.M .
245 ## - TITLE STATEMENT
Title History and culture of the Indian people , vol 2 /
260 ## - PUBLICATION, DISTRIBUTION, ETC. (IMPRINT)
Place of publication Mumbai :
Name of publisher Bharatiya Vidya Bhavan ,
Year of publication 1960.
300 ## - PHYSICAL DESCRIPTION
Number of Pages 775 ; .
942 ## - ADDED ENTRY ELEMENTS (KOHA)
Koha item type Books
Holdings
Withdrawn status Lost status Damaged status Home library Current library Date acquired Full call number Accession Number Koha item type
Withdrawn     KAUAET Sanskrit University 07/04/2012 954 3411 Books
free website counter